| 000 | 00688nam a22001937a 4500 | ||
|---|---|---|---|
| 003 | OSt | ||
| 005 | 20251120115840.0 | ||
| 008 | 250625b |||||||| |||| 00| 0 eng d | ||
| 040 |
_aDWCL - Main lib _cOC |
||
| 082 | _aFil. 344.599 Sa246 2002 | ||
| 100 | _aSarmiento, Ulpiano P. | ||
| 245 |
_aEducation law and the private schools : _ba practical guide for educational leaders and policy makers/ _cUlpiano P. Sarmiento |
||
| 260 |
_a(s.n.) : _b (s.l), _cc2002. |
||
| 300 |
_axii, 1097 p. _c ; 24 cm. |
||
| 504 | _aIncludes index. | ||
| 650 | _a1. Educational law and legislation - Phil. | ||
| 650 | _a2. Private schools - Law and legislations - Phil. | ||
| 942 |
_2ddc _cBK - FIL _kFil. _n0 |
||
| 999 |
_c3274 _d3274 |
||